[Event "Tecumseh (RVO/4/7)"]
[Site "?"]
[Date "1997.??.??"]
[Round "?"]
[White "Cole, J."]
[Black "Bedy, N."]
[Result "1-0"]
[WhiteElo "1820"]
[BlackElo "1605"]
[PlyCount "63"]
[EventDate "1997.??.??"]

{4/(7)} 1. e4 d5 2. e5 Bf5 3. d4 e6 4. g4 Be4 5. Nf3 c5 6. Be3 Qb6 7. b3 Nc6 8.
a3 cxd4 9. Bf4 Nge7 10. Nbd2 Ng6 11. Bg3 Ngxe5 12. Nxe4 Nxf3+ 13. Qxf3 dxe4 14.
Qxe4 Qa5+ 15. Kd1 Bc5 16. Bd3 Rc8 17. Ke2 Qd8 18. b4 Bd6 19. f4 Qb6 20. Rhf1
Kd7 21. b5 Ne7 22. Bf2 Nd5 23. Bxd4 Nc3+ 24. Bxc3 Rxc3 25. a4 g6 26. a5 Qc7 27.
Rfb1 b6 28. axb6 axb6 29. Ra4 f5 30. Qd4 Re8 31. Kd2 e5 32. Qxc3 1-0

[Event "Lansing (MI Op/1a/5)"]
[Site "?"]
[Date "1997.??.??"]
[Round "?"]
[White "Ciaffone, Bob"]
[Black "Williams, Ron"]
[Result "1-0"]
[WhiteElo "2200"]
[BlackElo "1920"]
[PlyCount "92"]
[EventDate "1997.??.??"]

1. Nf3 c5 2. c4 Nc6 3. d4 cxd4 4. Nxd4 Nf6 5. Nc3 g6 6. e4 Bg7 7. Be3 a6 8. Be2
e6 9. Nxc6 bxc6 10. e5 Ng8 11. f4 Ne7 12. Ne4 O-O 13. O-O Nf5 14. Bc5 d6 15.
Nxd6 Nxd6 16. Qxd6 Qxd6 17. Bxd6 Rd8 18. Bf3 Bb7 19. Rad1 Rd7 20. Rf2 Rc8 21.
b4 h5 22. Rfd2 Bf8 23. c5 Bg7 24. Kf2 Bh6 25. g3 Bg7 26. h4 Ra8 27. Rb1 Bf8 28.
Rbd1 Be7 29. Bxe7 Rxe7 30. Rd6 Rc7 31. a4 Rb8 32. R1d3 Kf8 33. Rd8+ Rxd8 34.
Rxd8+ Ke7 35. Rb8 Bc8 36. Ke3 Kd8 37. Rb6 Kd7 38. Kd4 Bb7 39. Kc3 Kc8 40. Be2
Rd7 41. Bxa6 Bxa6 42. Rxa6 Kb7 43. b5 Rd1 44. Rxc6 Rg1 45. Kb4 Rxg3 46. Ka5 Rb3
1-0

[Event "Lansing (MI Op/5/5)"]
[Site "?"]
[Date "1997.??.??"]
[Round "?"]
[White "Ciaffone, Bob"]
[Black "Mankiewicz, Ryan"]
[Result "1/2-1/2"]
[WhiteElo "2200"]
[BlackElo "2020"]
[PlyCount "55"]
[EventDate "1997.??.??"]

{5/(5)} 1. Nf3 d6 2. d4 Bg4 3. c4 Bxf3 4. gxf3 Nd7 5. Nc3 Ngf6 6. f4 e5 7. Bg2
exd4 8. Qxd4 c6 9. Bd2 Qb6 10. Qe3+ Qxe3 11. Bxe3 Be7 12. O-O O-O 13. Rfd1 Rfd8
14. Bf3 Nf8 15. Rd3 Ng6 16. Rad1 Nh4 17. Bh1 Nf5 18. Bc1 Rac8 19. b3 Ne8 20.
Bg2 Nh6 21. Bf3 f5 22. Ba3 g6 23. e4 Kf8 24. e5 Nf7 25. e6 Nh6 26. Bg2 Nc7 27.
Re1 Ng4 28. h3 1/2-1/2

[Event "Lansing (MI Op/7/2)"]
[Site "?"]
[Date "1997.??.??"]
[Round "?"]
[White "Ciaffone, Bob"]
[Black "Calton, Bill"]
[Result "1/2-1/2"]
[WhiteElo "2200"]
[BlackElo "2210"]
[PlyCount "47"]
[EventDate "1997.??.??"]

{7/(2)} 1. Nf3 b5 2. e3 a6 3. b3 Nf6 4. c4 bxc4 5. bxc4 e6 6. Be2 Be7 7. O-O
O-O 8. Nc3 d6 9. Rb1 Nbd7 10. d3 c5 11. Bd2 Qc7 12. Qc2 Bb7 13. Rb2 Rfb8 14.
Rfb1 Bc6 15. Rxb8+ Rxb8 16. Rxb8+ Qxb8 17. Qb3 h6 18. Qxb8+ Nxb8 19. Bd1 Kf8
20. Kf1 Bd8 21. Ke2 Ke7 22. Ba4 Bb7 23. Bc2 Nbd7 24. Na4 1/2-1/2

[Event "Michigan Team"]
[Site "Ann Arbor, MI"]
[Date "1997.??.??"]
[Round "1.24"]
[White "Chrzan, Bryan"]
[Black "Sellers, Matt"]
[Result "0-1"]
[WhiteElo "1605"]
[BlackElo "1965"]
[PlyCount "112"]
[EventDate "1997.??.??"]

{1/2} 1. e4 c6 2. Nf3 d5 3. exd5 cxd5 4. Bb5+ Bd7 5. Nc3 Bxb5 6. Nxb5 Nc6 7. d4
a6 8. Nc3 e6 9. a3 Bd6 10. O-O Nge7 11. Bg5 Qc7 12. Bxe7 Qxe7 13. Re1 Qd7 14.
Nxd5 Bxh2+ 15. Nxh2 Qxd5 16. Nf3 O-O 17. Qd2 Rfd8 18. c3 b5 19. Re2 a5 20. Ne5
Nxe5 21. Rxe5 Qxe5 22. dxe5 Rxd2 23. b4 axb4 24. cxb4 Kf8 25. Rc1 Rxa3 26. Rc8+
Ke7 27. Rc7+ Rd7 28. Rc8 Rb3 29. Rg8 g6 30. Rh8 h5 31. g3 Rxb4 32. Kg2 Rb2 33.
Rh7 Rdd2 34. Kh3 Rxf2 35. Kh4 Rf5 36. g4 hxg4 37. Kxg4 Rg2+ 38. Kh3 Rff2 39.
Rh4 Rh2+ 40. Kg3 Rxh4 41. Kxh4 f6 42. Kg3 Rf5 43. exf6+ Kxf6 44. Kg4 Rc5 45.
Kf4 Rc4+ 46. Ke3 Kf5 47. Kd3 Ke5 48. Ke3 Rc3+ 49. Kd2 b4 50. Ke2 Kf4 51. Kd2
Ke4 52. Ke2 Rc2+ 53. Kd1 b3 54. Ke1 Kf3 55. Kd1 Ke3 56. Ke1 Rc1# 0-1

[Event "Michigan Team"]
[Site "Ann Arbor, MI"]
[Date "1997.??.??"]
[Round "2.14"]
[White "Chrzan, Bryan"]
[Black "Coleman, John"]
[Result "0-1"]
[WhiteElo "1605"]
[BlackElo "1965"]
[PlyCount "90"]
[EventDate "1997.??.??"]

{2/1} 1. e4 c6 2. Nf3 d5 3. exd5 cxd5 4. d4 Nf6 5. c4 Nc6 6. Nc3 Bg4 7. Bg5
Bxf3 8. Qxf3 Nxd4 9. Qd3 e5 10. Nxd5 Be7 11. Bxf6 Bxf6 12. g3 O-O 13. Bg2 Rb8
14. O-O Re8 15. Nxf6+ Qxf6 16. f4 exf4 17. Rxf4 Ne2+ 18. Qxe2 Rxe2 19. Rxf6
gxf6 20. b3 Rd8 21. Bf3 Re7 22. Bh5 b6 23. Rf1 Kg7 24. h4 Rd2 25. Rf2 Red7 26.
Bf3 Rxf2 27. Kxf2 Rd2+ 28. Ke3 Rxa2 29. Kd4 Rb2 30. Kc3 Rf2 31. Bd1 f5 32. b4
Rg2 33. c5 Rxg3+ 34. Kc4 bxc5 35. bxc5 Kf6 36. c6 Ke7 37. Bc2 Kd6 38. Bxf5 Kxc6
39. Bxh7 Rg4+ 40. Kd3 Rxh4 41. Bg8 f5 42. Ke3 Kd6 43. Kf3 a5 44. Kg3 Rg4+ 45.
Kf3 Rxg8 0-1

[Event "Michigan Team"]
[Site "Ann Arbor, MI"]
[Date "1997.??.??"]
[Round "3.23"]
[White "Chrzan, Anthony"]
[Black "Solon, Nathan"]
[Result "0-1"]
[WhiteElo "1605"]
[BlackElo "1810"]
[PlyCount "84"]
[EventDate "1997.??.??"]

{3/2} 1. e4 c5 2. Nf3 d6 3. d4 cxd4 4. Nxd4 Nf6 5. Nc3 g6 6. Bd3 Bg7 7. Bg5 O-O
8. Nf3 Nc6 9. h3 Be6 10. O-O Qb6 11. Rb1 Rfc8 12. b3 Nb4 13. Na4 Qc7 14. Rb2 a6
15. Be3 Nd7 16. Rb1 b5 17. Nb2 Nxa2 18. c4 Nc3 19. Qc2 Nxb1 20. Rxb1 Nb6 21.
Nd2 Rab8 22. Bxb6 Rxb6 23. Rc1 Rc6 24. Be2 Qb6 25. Bd3 Bxb2 26. Qxb2 bxc4 27.
Bxc4 Bxc4 28. Nxc4 Rxc4 29. Rxc4 Rxc4 30. e5 d5 31. Qa2 Rc1+ 32. Kh2 d4 33. Qa3
Qc5 34. Qxa6 Qxe5+ 35. g3 Qe4 36. g4 Qh1+ 37. Kg3 Qg1+ 38. Kf3 Rc3+ 39. Kf4
Qxf2+ 40. Kg5 Rc5+ 41. Kh6 Rh5+ 42. gxh5 Qf4# 0-1

[Event "Lansing (MOR/3/41)"]
[Site "?"]
[Date "1997.??.??"]
[Round "?"]
[White "Choate, Eric"]
[Black "Moore, A."]
[Result "0-1"]
[WhiteElo "1605"]
[BlackElo "1605"]
[PlyCount "70"]
[EventDate "1997.??.??"]

{3/(41)} 1. e4 Nc6 2. Nf3 d6 3. Bc4 e6 4. Nc3 Be7 5. d4 Nf6 6. Bf4 Nxe4 7. Nxe4
d5 8. Bxd5 exd5 9. Ned2 O-O 10. c4 Be6 11. cxd5 Bxd5 12. O-O Qd7 13. h3 Rad8
14. Re1 Rfe8 15. b3 Bb4 16. Rxe8+ Rxe8 17. Nc4 Bxf3 18. Qxf3 Nxd4 19. Qg4 Ne2+
20. Kh2 Qxg4 21. hxg4 Nxf4 22. Kg3 g5 23. a3 Bc3 24. Rc1 Ne2+ 25. Kf3 Nxc1 26.
b4 a6 27. Na5 b6 28. Nc6 Nd3 29. Kg3 Ne5 30. Na7 Ra8 31. f3 Be1+ 32. Kh2 Rxa7
33. g3 Nxf3+ 34. Kg2 Ne5 35. Kh3 c6 0-1

[Event "Lansing (MOR/6/49)"]
[Site "?"]
[Date "1997.??.??"]
[Round "?"]
[White "Choate, Eric"]
[Black "Hall, E."]
[Result "1-0"]
[WhiteElo "1605"]
[BlackElo "1605"]
[PlyCount "73"]
[EventDate "1997.??.??"]

{6/(49)} 1. e4 e5 2. Nf3 Nc6 3. Bc4 Nf6 4. d3 Bc5 5. O-O O-O 6. c3 d6 7. Bg5
Bg4 8. b4 Bb6 9. a4 a6 10. b5 Nd4 11. cxd4 Bxd4 12. Ra2 c6 13. bxc6 bxc6 14.
Nbd2 Rb8 15. Qc2 Bxf3 16. Nxf3 Qb6 17. Bxf6 gxf6 18. Nd2 Qb2 19. Rxb2 Rxb2 20.
Qd1 Kh8 21. Nb3 f5 22. Nxd4 exd4 23. Re1 d5 24. exd5 cxd5 25. Bxd5 f4 26. Re7
Rfb8 27. Re1 Rf8 28. h3 f5 29. Qc1 Rfb8 30. Be6 R2b6 31. Bxf5 Rf6 32. Qxf4 Rb2
33. Qxd4 Rbb6 34. Re2 Rb1+ 35. Kh2 Rbb6 36. Qd8+ Rf8 37. Qxf8# 1-0

[Event "Lansing (MOR/2/44)"]
[Site "?"]
[Date "1997.??.??"]
[Round "?"]
[White "Choate, Eric"]
[Black "Boyle, John"]
[Result "0-1"]
[WhiteElo "1605"]
[BlackElo "1605"]
[PlyCount "68"]
[EventDate "1997.??.??"]

{2/(44)} 1. e4 c5 2. Nf3 d6 3. d3 Nf6 4. h3 g6 5. Be2 Bg7 6. O-O O-O 7. Nc3 Nc6
8. a3 Be6 9. d4 cxd4 10. Nxd4 Bd7 11. Be3 Qc7 12. Ndb5 Qc8 13. Bc4 a6 14. Nd4
Nxd4 15. Qxd4 Ng4 16. Qd3 Nxe3 17. fxe3 b5 18. Bb3 Rb8 19. a4 bxa4 20. Bxa4
Bxa4 21. Rxa4 Rxb2 22. Nd5 Qd7 23. Rxa6 Rfb8 24. Rc1 Qb7 25. Ra5 Rc8 26. c3 Rb3
27. Qc2 e6 28. Nf4 Rbxc3 29. Qd2 Rxc1+ 30. Kh2 Be5 31. Qd3 g5 32. g3 gxf4 33.
exf4 R8c2+ 34. Qd2 Rxd2# 0-1

[Event "Lansing (MOR/5/21)"]
[Site "?"]
[Date "1997.??.??"]
[Round "?"]
[White "Charette, B."]
[Black "Matias, I.C."]
[Result "0-1"]
[WhiteElo "1605"]
[BlackElo "1655"]
[PlyCount "77"]
[EventDate "1997.??.??"]

{5/(21)} 1. d4 Nf6 2. Nf3 e6 3. Bf4 d5 4. h3 c5 5. c3 Nc6 6. e3 Be7 7. Bd3 O-O
8. O-O cxd4 9. cxd4 Bd7 10. a3 Rc8 11. Nbd2 Na5 12. Rc1 b5 13. Ne5 Nc4 14. Bxc4
bxc4 15. Re1 Qa5 16. Nxd7 Nxd7 17. e4 c3 18. Nb3 Qb5 19. bxc3 dxe4 20. Rxe4 Nf6
21. Re5 Nd5 22. Nd2 Qc6 23. Bg3 Nxc3 24. Qe1 Ne2+ 25. Rxe2 Qxc1 26. Qxc1 Rxc1+
27. Kh2 Bxa3 28. Ne4 a5 29. Ra2 Bb4 30. Nc5 Rc8 31. Nb3 R1c3 32. Rb2 Ba3 33.
Rb1 a4 34. Nd2 Bc1 35. Ne4 Rb3 36. Ra1 a3 37. Nc5 Rc3 38. Na4 Rc2 39. f3 0-1

[Event "Lansing (MOR/3/20)"]
[Site "?"]
[Date "1997.??.??"]
[Round "?"]
[White "Charette, B."]
[Black "Jointer, William"]
[Result "0-1"]
[WhiteElo "1605"]
[BlackElo "1640"]
[PlyCount "64"]
[EventDate "1997.??.??"]

{3/(20)} 1. d4 Nf6 2. Nf3 g6 3. Bf4 Bg7 4. Nbd2 O-O 5. e4 d6 6. Bc4 Nxe4 7.
Nxe4 d5 8. Bxc7 Qxc7 9. Bxd5 Qa5+ 10. Nc3 Rd8 11. Bc4 Nc6 12. O-O Nxd4 13. Bd3
Bg4 14. Ne4 Qh5 15. Neg5 h6 16. h3 hxg5 17. hxg4 Qxg4 18. Nh2 Qf4 19. g3 Qd6
20. Qg4 Ne6 21. Nf3 f5 22. Qh3 g4 23. Qg2 gxf3 24. Qxf3 Ng5 25. Qxb7 Bd4 26. c3
Qxg3+ 27. Kh1 Qh3+ 28. Kg1 Nf3+ 29. Qxf3 Qxf3 30. Bc4+ Kg7 31. cxd4 Qg4+ 32.
Kh1 Rh8# 0-1

[Event "Lansing (MOR/1b/28)"]
[Site "?"]
[Date "1997.??.??"]
[Round "?"]
[White "Charette, B."]
[Black "Hill, R."]
[Result "1-0"]
[WhiteElo "1605"]
[BlackElo "1605"]
[PlyCount "63"]
[EventDate "1997.??.??"]

1. d4 Nc6 2. e4 d5 3. e5 e6 4. Bb5 Bb4+ 5. c3 Ba5 6. Qa4 Bd7 7. Bxc6 Bxc6 8.
Qxa5 b6 9. Qa6 Nh6 10. Nf3 f6 11. Bxh6 gxh6 12. O-O fxe5 13. Nxe5 Bd7 14. Qe2
a6 15. Qh5+ Ke7 16. Nf7 Qe8 17. Qxh6 Qxf7 18. Qg5+ Qf6 19. Qe5 Ra7 20. Nd2 Bb5
21. Rfe1 Rf8 22. f3 Rg8 23. b3 Rg5 24. Qxf6+ Kxf6 25. c4 dxc4 26. bxc4 Ba4 27.
Ne4+ Kf5 28. Nxg5 Kxg5 29. Rxe6 Kf5 30. Rae1 Ra8 31. R1e5+ Kf4 32. Rf6# 1-0

[Event "Kalamazoo (MI Am/4/16)"]
[Site "?"]
[Date "1997.??.??"]
[Round "?"]
[White "Cassidy, M."]
[Black "Rodriguez, M."]
[Result "0-1"]
[WhiteElo "1605"]
[BlackElo "1605"]
[PlyCount "76"]
[EventDate "1997.??.??"]

{4/(16)} 1. e4 c5 2. f4 d5 3. Bb5+ Bd7 4. Qe2 dxe4 5. Nc3 Nf6 6. Nh3 Nc6 7.
Bxc6 Bxc6 8. Ng5 Qc7 9. Rf1 e6 10. Ncxe4 Be7 11. d3 Nxe4 12. Nxe4 O-O-O 13. Be3
c4 14. O-O-O cxd3 15. Rxd3 Rxd3 16. Qxd3 Rd8 17. Qc4 b5 18. Qc3 Bxe4 19. Qxc7+
Kxc7 20. Bxa7 Ra8 21. Bd4 Bf6 22. Bxf6 gxf6 23. g4 Rxa2 24. Kb1 Ra8 25. f5 exf5
26. h4 fxg4 27. Rxf6 Bg6 28. Rf4 h5 29. Rf2 Rf8 30. Kc1 f5 31. Kd2 f4 32. c3
Kc6 33. Ke1 Re8+ 34. Kf1 Bd3+ 35. Kg1 Re1+ 36. Kg2 Re2 37. Kg1 Rxf2 38. Kxf2
Kc5 0-1

[Event "Kalamazoo (MI Am/2/34)"]
[Site "?"]
[Date "1997.??.??"]
[Round "?"]
[White "Cassidy, M."]
[Black "Munger, T."]
[Result "1-0"]
[WhiteElo "1605"]
[BlackElo "1605"]
[PlyCount "73"]
[EventDate "1997.??.??"]

{2/(34)} 1. e4 e5 2. f4 d6 3. Nf3 exf4 4. Bc4 Nf6 5. d3 d5 6. exd5 Nxd5 7. Qe2+
Be7 8. O-O O-O 9. Bd2 Nc6 10. Nc3 Bc5+ 11. Kh1 Nxc3 12. Bxc3 Bd4 13. Rae1 Bxc3
14. bxc3 Bd7 15. Ne5 Re8 16. Bxf7+ Kh8 17. Bxe8 Bxe8 18. Rxf4 Kg8 19. Ref1 Qd6
20. Nxc6 Bxc6 21. c4 h6 22. d4 Re8 23. Qf2 b6 24. d5 Bd7 25. Qh4 g5 26. Qg3 a5
27. Rf6 Qxf6 28. Rxf6 Bg4 29. h3 Bd1 30. Rxh6 g4 31. Re6 Rf8 32. Qe1 Bxc2 33.
hxg4 Bd3 34. Qc3 Rf1+ 35. Kh2 Bb1 36. Re7 Bxa2 37. Qg7# 1-0

[Event "Michigan Senior"]
[Site "Ann Arbor, MI"]
[Date "1997.??.??"]
[Round "1.12"]
[White "Carr, Jay"]
[Black "Saylor, Oliver"]
[Result "1-0"]
[WhiteElo "1700"]
[BlackElo "1605"]
[PlyCount "117"]
[EventDate "1997.??.??"]

{1/(12)} 1. c4 e6 2. Nc3 d5 3. d4 Bb4 4. Nf3 Nc6 5. Bf4 Nf6 6. e3 Ne4 7. Qc2
O-O 8. Bd3 g6 9. Bxe4 dxe4 10. Qxe4 Bd7 11. Rc1 a6 12. O-O Bd6 13. Bh6 Re8 14.
a3 b6 15. Qc2 Bf8 16. Bf4 Bg7 17. Bg3 Bf6 18. b4 Ne7 19. e4 Bc6 20. Rfd1 b5 21.
d5 exd5 22. cxd5 Bd7 23. Ne2 Rc8 24. Bxc7 Rxc7 25. Qxc7 Bb2 26. Qxd8 Rxd8 27.
Rb1 Bf6 28. Nfd4 Re8 29. f3 Bg5 30. Kf2 f5 31. exf5 Nxf5 32. Nxf5 Bxf5 33. Rb2
Bf6 34. Rbd2 Bg5 35. f4 Bf6 36. d6 Kf7 37. Rc1 g5 38. Rc5 Bd7 39. fxg5 Bd8 40.
Rc3 Bxg5 41. Rf3+ Kg6 42. Nf4+ Kg7 43. g3 Bg4 44. Rc3 Bd7 45. Rc7 Rd8 46. Ne6+
Kf6 47. Nxd8 Bxd2 48. Rxd7 Bc1 49. Rxh7 Bxa3 50. Nc6 a5 51. d7 Kg6 52. Rh8 Bb2
53. Rg8+ Kf5 54. d8=Q a4 55. Qd5+ Kf6 56. Rf8+ Kg6 57. Ne7+ Kh6 58. Qe6+ Kg5
59. Qg6# 1-0

[Event "Michigan Senior"]
[Site "Ann Arbor, MI"]
[Date "1997.??.??"]
[Round "3.8"]
[White "Carr, Jay"]
[Black "Richter, William"]
[Result "1-0"]
[WhiteElo "1700"]
[BlackElo "1605"]
[PlyCount "99"]
[EventDate "1997.??.??"]

{3/(8)} 1. c4 c5 2. g3 g6 3. Bg2 Bg7 4. Nc3 Nc6 5. e3 d6 6. Nge2 Rb8 7. d4 cxd4
8. exd4 Bg4 9. Be3 Nh6 10. h3 Bd7 11. g4 e6 12. Qd2 a6 13. Bxh6 O-O 14. Bxg7
Kxg7 15. Ne4 Qe7 16. O-O f5 17. gxf5 Rxf5 18. N4g3 Rf7 19. f4 e5 20. d5 Nd4 21.
Nxd4 exd4 22. Qxd4+ Kg8 23. Qf2 Rbf8 24. Rae1 Qd8 25. Ne2 Rf5 26. Qg3 Rh5 27.
Kh2 Rh4 28. Qg5 Qxg5 29. fxg5 Rxc4 30. Nc3 Rb4 31. Rxf8+ Kxf8 32. Rf1+ Ke7 33.
Rf2 Rh4 34. Kg3 Rd4 35. Bf3 Rd3 36. Re2+ Kd8 37. Ne4 Rxd5 38. h4 Rd3 39. Rd2
Rxd2 40. Nxd2 Kc7 41. Ne4 d5 42. Nf6 d4 43. Nxd7 Kxd7 44. Bxb7 a5 45. Kf4 Kd6
46. Be4 Ke6 47. Bd3 Kd5 48. b3 Kd6 49. Ke4 Kc5 50. a3 1-0

[Event "Lansing (MOR/4/36)"]
[Site "?"]
[Date "1997.??.??"]
[Round "?"]
[White "Carpenter, T."]
[Black "Vorhauer, Sam"]
[Result "0-1"]
[WhiteElo "1605"]
[BlackElo "1605"]
[PlyCount "44"]
[EventDate "1997.??.??"]

{4/(36)} 1. e4 c5 2. Nc3 d6 3. Bc4 Nf6 4. d3 Nc6 5. Be3 g6 6. Qd2 Bg7 7. O-O-O
a6 8. f3 O-O 9. a3 b5 10. Bd5 Bb7 11. b4 Nxd5 12. Nxd5 e6 13. Nc3 Qf6 14. Nge2
cxb4 15. Bg5 bxc3 16. Nxc3 Qxc3 17. Qxc3 Bxc3 18. Be3 b4 19. axb4 Nxb4 20. Kb1
a5 21. Bc1 Nc6 22. Ba3 Rab8 0-1

[Event "Lansing (MOR/6/46)"]
[Site "?"]
[Date "1997.??.??"]
[Round "?"]
[White "Carpenter, T."]
[Black "Rogers, Ben"]
[Result "0-1"]
[WhiteElo "1605"]
[BlackElo "1605"]
[PlyCount "84"]
[EventDate "1997.??.??"]

{6/(46)} 1. e4 e5 2. Nf3 Nc6 3. Bc4 Bc5 4. d3 d6 5. Ng5 Nh6 6. Nc3 Na5 7. Bb5+
c6 8. Ba4 Ng4 9. Nh3 b5 10. Bb3 O-O 11. f3 Nf6 12. Bd2 b4 13. Ne2 Nxb3 14. axb3
h6 15. c3 bxc3 16. bxc3 d5 17. b4 Bb6 18. Qc1 dxe4 19. dxe4 Bxh3 20. gxh3 Qd7
21. Ng1 a5 22. Be3 c5 23. Qd1 Qb5 24. Qe2 Qc6 25. bxc5 Bxc5 26. Bxc5 Qxc5 27.
Qd3 Rfd8 28. Qc2 Qe3+ 29. Kf1 Rac8 30. Qc1 Qd3+ 31. Kf2 Rxc3 32. Qe1 Rc2+ 33.
Ne2 Rb8 34. Rxa5 Rbb2 35. Kg3 Nh5+ 36. Kh4 Nf4 37. Nxf4 exf4 38. Kg4 Re2 39.
Qh4 Rg2+ 40. Kxf4 Qd2+ 41. Ke5 Qxa5+ 42. Kf4 g5+ 0-1

[Event "Lansing (MOR/2/38)"]
[Site "?"]
[Date "1997.??.??"]
[Round "?"]
[White "Carpenter, T."]
[Black "Gregg, Ted"]
[Result "0-1"]
[WhiteElo "1605"]
[BlackElo "1605"]
[PlyCount "56"]
[EventDate "1997.??.??"]

{2/(38)} 1. e4 e5 2. Nf3 Nc6 3. Bc4 Bc5 4. d3 Nf6 5. O-O O-O 6. Bg5 d6 7. h3
Be6 8. Bxe6 fxe6 9. Nc3 a6 10. Qe2 Qe8 11. a3 Qg6 12. b4 Ba7 13. Bh4 Nh5 14. g3
Nxg3 15. Bxg3 Qxg3+ 16. Kh1 Qxh3+ 17. Nh2 Nd4 18. Qg4 Qxg4 19. Nxg4 Nxc2 20.
Ra2 Nd4 21. Rg1 Kh8 22. Rb2 b5 23. Ne2 Nxe2 24. Rxe2 Rf3 25. Ne3 Raf8 26. Kg2
R8f6 27. Rh1 R6f4 28. Kf1 Bxe3 0-1

[Event "Lansing (MOR/4/37)"]
[Site "?"]
[Date "1997.??.??"]
[Round "?"]
[White "Carpenter, O."]
[Black "Walls, R."]
[Result "1-0"]
[WhiteElo "1605"]
[BlackElo "1605"]
[PlyCount "63"]
[EventDate "1997.??.??"]

{4/(37)} 1. Nf3 Nf6 2. g3 c5 3. Bg2 Nc6 4. O-O d5 5. d3 h6 6. Nbd2 e5 7. e4 d4
8. a4 Bd6 9. Nc4 Bc7 10. Bd2 O-O 11. h3 Re8 12. Qe1 a5 13. Nh4 Nb4 14. Bxb4
axb4 15. b3 Be6 16. Nd2 Qd7 17. Kh2 g5 18. Nf5 Bxf5 19. exf5 Qxf5 20. Bxb7 Ra7
21. Bc6 Re7 22. Be4 Qd7 23. Qe2 Kg7 24. g4 Qd8 25. Rh1 Ne8 26. Kg2 Nd6 27. Qf3
Qf8 28. h4 f6 29. hxg5 hxg5 30. Rh7+ Kg8 31. Qh3 Nf7 32. Bd5 1-0

[Event "Lansing (MOR/7/25)"]
[Site "?"]
[Date "1997.??.??"]
[Round "?"]
[White "Carpenter, O."]
[Black "Venia, Mike"]
[Result "1-0"]
[WhiteElo "1605"]
[BlackElo "1605"]
[PlyCount "51"]
[EventDate "1997.??.??"]

{7/(25)} 1. Nf3 Nf6 2. g3 d5 3. Bg2 Bf5 4. d3 Nc6 5. O-O e5 6. Nbd2 Qd7 7. Re1
O-O-O 8. c3 Bc5 9. Nxe5 Bxf2+ 10. Kxf2 Nxe5 11. Kg1 h5 12. Nf3 Ng6 13. Bg5 Qd6
14. e4 dxe4 15. dxe4 Qb6+ 16. Nd4 Bg4 17. Qb3 Qxb3 18. axb3 a6 19. e5 c5 20.
Nf5 Bxf5 21. exf6 gxf6 22. Bxf6 h4 23. Bxd8 Rxd8 24. gxh4 Nxh4 25. Re7 Rd2 26.
Bxb7+ 1-0

[Event "Kalamazoo (MI Am/3/22)"]
[Site "?"]
[Date "1997.??.??"]
[Round "?"]
[White "Carpenter, O."]
[Black "Mahabir, Jagdesh"]
[Result "0-1"]
[WhiteElo "1605"]
[BlackElo "1605"]
[PlyCount "64"]
[EventDate "1997.??.??"]

{3/(22)} 1. e4 d6 2. Nf3 Nf6 3. d3 g6 4. g3 Bg7 5. Bg2 O-O 6. O-O c5 7. c3 Nc6
8. Nbd2 Nd7 9. Nc4 Nde5 10. Nfxe5 Nxe5 11. Nxe5 Bxe5 12. Bh6 Bg7 13. Bxg7 Kxg7
14. h4 h5 15. f4 Bg4 16. Bf3 f5 17. Bxg4 hxg4 18. exf5 gxf5 19. Re1 Qc7 20. Re4
Rad8 21. Re6 Rf6 22. Qe2 Kf7 23. Re1 Qd7 24. Re3 e6 25. Qh2 Rh6 26. h5 Rdh8 27.
Qe2 Rxh5 28. Qg2 R8h6 29. Rxe6 Rxe6 30. Qd5 Kf6 31. Rxe6+ Qxe6 32. Qxe6+ Kxe6
$138 0-1

[Event "Lansing (MOR/1a/12)"]
[Site "?"]
[Date "1997.??.??"]
[Round "?"]
[White "Carpenter, O."]
[Black "Grzegorczyk, Ron"]
[Result "0-1"]
[WhiteElo "1605"]
[BlackElo "1610"]
[PlyCount "90"]
[EventDate "1997.??.??"]

1. Nf3 c5 2. g3 Nc6 3. Bg2 d5 4. O-O e6 5. d3 Be7 6. Nbd2 Nf6 7. e4 O-O 8. e5
Nd7 9. a3 Ndxe5 10. Nxe5 Nxe5 11. Nf3 Ng6 12. Qe1 Bd7 13. b3 Bf6 14. Rb1 Rc8
15. c4 dxc4 16. dxc4 b5 17. Nd2 a6 18. Ne4 Bd4 19. Bg5 f6 20. Bd2 e5 21. Be3
Bf5 22. Rd1 Qc7 23. Kh1 Kh8 24. Nc3 Bc2 25. Nd5 Qd8 26. Rc1 Bxb3 27. Bxd4 cxd4
28. Nb4 Bxc4 29. Rg1 a5 30. Nc6 Qd6 31. Qxa5 Rxc6 32. Bxc6 Qxc6+ 33. Rg2 Qb7
34. Qb4 Bd5 35. h4 Bxg2+ 36. Kh2 Bd5 37. g4 Bc4 38. Rxc4 Qf3 39. Rc2 Qxg4 40.
f3 Qxh4+ 41. Kg1 Rg8 42. Qb3 Qg3+ 43. Rg2 Qe1+ 44. Kh2 Nf4 45. Rg1 Qh4# 0-1

[Event "Lansing (MOR/3/45)"]
[Site "?"]
[Date "1997.??.??"]
[Round "?"]
[White "Carpenter, O."]
[Black "Eberle, C."]
[Result "1-0"]
[WhiteElo "1605"]
[BlackElo "1605"]
[PlyCount "63"]
[EventDate "1997.??.??"]

{3/(45)} 1. Nf3 d5 2. g3 Nf6 3. Bg2 e6 4. O-O Bd6 5. d3 Nc6 6. Nbd2 O-O 7. e4
Re8 8. Qe1 dxe4 9. dxe4 e5 10. Nc4 Bc5 11. Be3 Bxe3 12. Nxe3 Nxe4 13. Rd1 Qe7
14. Nh4 Nf6 15. Nhf5 Bxf5 16. Nxf5 Qe6 17. Ne3 Qxa2 18. b3 Qa3 19. Nf5 Red8 20.
Bxc6 bxc6 21. Qxe5 Rxd1 22. Rxd1 Re8 23. Qxc7 Qa6 24. Nd6 Rf8 25. Nf5 g6 26.
Qxc6 Qxc6 27. Ne7+ Kh8 28. Nxc6 a6 29. Rd8 Rxd8 30. Nxd8 Kg8 31. Nc6 Kf8 32. b4
{[Black played the illegal 32...Ke7]} 1-0

[Event "Kalamazoo (MI Am/5/19)"]
[Site "?"]
[Date "1997.??.??"]
[Round "?"]
[White "Carpenter, O."]
[Black "Biondo, Albert"]
[Result "0-1"]
[WhiteElo "1605"]
[BlackElo "1605"]
[PlyCount "66"]
[EventDate "1997.??.??"]

{5/(19)} 1. e4 c5 2. Nc3 Nc6 3. f4 g6 4. Nf3 Bg7 5. Be2 Nf6 6. Bc4 d6 7. h3 a6
8. Ng5 e6 9. Nf3 b5 10. Bf1 O-O 11. d3 b4 12. Ne2 a5 13. g4 a4 14. a3 Qa5 15.
Bd2 d5 16. e5 Nd7 17. d4 c4 18. c3 b3 19. g5 Ncb8 20. h4 Na6 21. Nh2 Nac5 22.
dxc5 Nxc5 23. Ng3 Ba6 24. Nf3 Nd3+ 25. Bxd3 cxd3 26. Nd4 Qc5 27. h5 Rfc8 28.
hxg6 hxg6 29. Qf3 Qe7 30. O-O-O Rc7 31. Rh2 Rac8 32. Rdh1 Rxc3+ 33. Bxc3 Rxc3+
$138 0-1

[Event "Kalamazoo (MI Am/2/35)"]
[Site "?"]
[Date "1997.??.??"]
[Round "?"]
[White "Carpenter, O."]
[Black "Bagnall, C."]
[Result "1-0"]
[WhiteElo "1605"]
[BlackElo "1605"]
[PlyCount "81"]
[EventDate "1997.??.??"]

{2/(35)} 1. e4 d5 2. exd5 Nf6 3. c4 Bg4 4. Be2 Bxe2 5. Nxe2 c6 6. dxc6 Nxc6 7.
d4 e5 8. d5 Bb4+ 9. Nbc3 Ne7 10. Qa4+ Nc6 11. dxc6 Bxc3+ 12. Nxc3 bxc6 13.
Qxc6+ Nd7 14. O-O O-O 15. Rd1 Qh4 16. Rxd7 Rac8 17. Qf3 Rxc4 18. Be3 e4 19. Qf4
Qh5 20. Qg5 Qxg5 21. Bxg5 f6 22. Be3 Rb8 23. Rb1 Rcb4 24. Rbd1 Rxb2 25. Rd8+
Rxd8 26. Rxd8+ Kf7 27. Rd2 Rb7 28. a4 Rc7 29. h3 Rxc3 30. Rd7+ Kg6 31. Rxa7 Ra3
32. a5 Ra1+ 33. Kh2 h5 34. a6 h4 35. Ra8 Kh5 36. a7 g5 37. Rh8+ Kg6 38. a8=Q
Rf1 39. Qxe4+ f5 40. Qe6+ Kg7 41. Bd4# 1-0

[Event "Lansing (MOR/3/30)"]
[Site "?"]
[Date "1997.??.??"]
[Round "?"]
[White "Carpenter, George"]
[Black "Ryskamp, John"]
[Result "0-1"]
[WhiteElo "1605"]
[BlackElo "1605"]
[PlyCount "120"]
[EventDate "1997.??.??"]

{3/(30)} 1. e4 e6 2. Nf3 d5 3. e5 c5 4. g3 Nc6 5. Bg2 Qc7 6. O-O Nge7 7. d4
cxd4 8. Nxd4 Nxe5 9. Bf4 N7g6 10. Bxe5 Nxe5 11. Re1 Be7 12. Nc3 a6 13. f4 Nc4
14. Kh1 O-O 15. f5 Bf6 16. fxe6 fxe6 17. Nxe6 Bxe6 18. Rxe6 Bxc3 19. Qxd5 Kh8
20. Qh5 Bf6 21. Be4 g6 22. Bxg6 Qg7 23. Bd3 Ne5 24. Rf1 Nxd3 25. cxd3 Bxb2 26.
Rxf8+ Rxf8 27. Re8 Rxe8 28. Qxe8+ Qg8 29. Qd7 Qf8 30. Kg2 b6 31. d4 Qf6 32. d5
Bd4 33. d6 Bc5 34. Qc8+ Kg7 35. d7 Be7 36. Qxa6 Qc6+ 37. Kf1 Qf3+ 38. Ke1 Bd8
39. Qc4 Qf6 40. Qg4+ Kf8 41. Qf4 Qxf4 42. gxf4 Ke7 43. Ke2 Kxd7 44. h3 Ke6 45.
Ke3 Kf5 46. Kf3 Bc7 47. Kg3 Bxf4+ 48. Kh4 h6 49. Kh5 Ke4 50. Kg4 Bd2 51. a3 Kd4
52. Kf3 Kc4 53. Ke2 Bc3 54. a4 Kb4 55. Kd3 Bf6 56. Kc2 Kxa4 57. Kb1 Kb3 58. Kc1
b5 59. Kb1 b4 60. Kc1 Ka2 0-1

[Event "Kalamazoo (MI Am/3/33)"]
[Site "?"]
[Date "1997.??.??"]
[Round "?"]
[White "Carpenter, George"]
[Black "Krzyston, Joe"]
[Result "1-0"]
[WhiteElo "1605"]
[BlackElo "1605"]
[PlyCount "49"]
[EventDate "1997.??.??"]

{3/(33)} 1. Nf3 e6 2. g3 Nf6 3. Bg2 Nc6 4. O-O d6 5. d3 Ne5 6. Nbd2 b6 7. Nxe5
dxe5 8. Bxa8 Bd7 9. Bg2 Be7 10. Nc4 Ng4 11. h3 h5 12. hxg4 hxg4 13. Nxe5 Bh4
14. Nxd7 Qxd7 15. e4 e5 16. gxh4 Kf8 17. f4 Qd4+ 18. Kh2 Qd8 19. Rh1 Qf6 20. f5
a5 21. Kg3 Rh5 22. Qxg4 Rh7 23. Bg5 Qc6 24. f6 g6 25. Qc8+ 1-0